Augustin Němejc : obrazy - kresby : výstava k 125. výročí narození : západočeská galerie v Plzni, 26.6-30.10.1986 /

Korporativní autor: Západočeská galerie (Plzeň, Česko)
Další autoři: Němejc, Augustin, 1861-1938, Skolka, Jan, 1931-2005
Jazyk: Čeština
Vydáno: Plzeň : Západočeská galerie, 1986
Témata:
Fyzický popis: složený l.
Knihy
Uloženo v:
LEADER 01451nam a22003852a 4500
001 000168233
003 CZ BrMZK
005 20170413150728.0
008 010907s1986 xr e c cze d
040 |a BOA001  |b cze  |c BOA001 
043 |a e-xr--- 
045 |a w-x- 
072 7 |a 7.01/.09  |x Umění  |2 Konspekt  |9 21 
080 |a 75(437.3)  |2 MRF 
080 |a 741/744(437.3)  |2 MRF 
080 |a 7.036/.038  |2 MRF 
080 |a (437.3)  |2 MRF 
080 |a (083.824)  |2 MRF 
245 0 0 |a Augustin Němejc :  |b obrazy - kresby : výstava k 125. výročí narození : západočeská galerie v Plzni, 26.6-30.10.1986 /  |c text Jan Skolka 
246 3 3 |a Obrazy - kresby 
260 |a Plzeň :  |b Západočeská galerie,  |c 1986 
300 |a složený l. 
500 |a Katalog výstavy 
600 1 7 |a Němejc, Augustin,  |d 1861-1938  |7 jk01083156 
648 7 |a 19.-20. století  |7 ch757015 
650 0 7 |a české malířství  |7 ph116864  |y 19.-20. století  |2 czenas 
650 0 7 |a česká kresba  |7 ph116857  |y 19.-20. století  |2 czenas 
650 0 7 |a moderní umění  |7 ph115340  |z Česko  |2 czenas 
655 7 |a katalogy výstav  |7 fd132536  |2 czenas 
700 1 |a Němejc, Augustin,  |d 1861-1938  |7 jk01083156  |4 hnr 
700 1 |a Skolka, Jan,  |d 1931-2005  |7 xx0014067  |4 aut 
710 2 |a Západočeská galerie (Plzeň, Česko)  |7 kn20010709207 
910 |a BOA001  |b X-0913.146 
990 |a BK 
996 7 |b 2619938201  |c X-0913.146  |l MZK  |r Sklad / do 24 hodin  |n 3  |w 000168233  |u 000010  |a 1  |e BOA001  |j MZK50  |s A